[Event "IECC CL6-2003.18 email"]
[Site "IECC email"]
[Date "2003.08.08"]
[Round "?"]
[White "Gudmundsson, Valur"]
[Black "Kota, Suman"]
[Result "1-0"]
[WhiteElo "1200"]
[BlackElo "1417"]
[PlyCount "62"]
[EventDate "2003.??.??"]
[EventType "tourn (corr)"]
[EventRounds "4"]
[SourceTitle "Corr 2008"]
[Source "ChessBase"]
[SourceDate "2008.06.24"]
[SourceVersion "1"]
[SourceVersionDate "2008.06.24"]
[SourceQuality "1"]

1. e4 e5 2. Nf3 d6 3. d4 exd4 4. Nxd4 Nf6 5. Nc3 Be7 6. Bc4 0-0 7. 0-0 Nxe4 8. Nxe4 d5 9. Bd3 dxe4 10. Bxe4 Bf6 11. c3 Na6 12. Bf4 Nc5 13. Bxh7+ Kxh7 14. Qh5+ Kg8 15. Qxc5 c6 16. Rad1 Qb6 17. Qxb6 axb6 18. a3 Re8 19. h3 g5 20. Bc7 b5 21. Rfe1 Rxe1+ 22. Rxe1 Bd7 23. Nb3 Re8 24. Rxe8+ Bxe8 25. Nc5 Be7 26. Nxb7 f5 27. Bd6 Bf6 28. f4 gxf4 29. Bxf4 Bf7 30. Nd6 Be6 31. Kf2 Be7 1-0

[Event "IECC CL6-2003.18 email"]
[Site "IECC email"]
[Date "2003.08.08"]
[Round "?"]
[White "Murphy, Gavin"]
[Black "Gudmundsson, Valur"]
[Result "0-1"]
[WhiteElo "1289"]
[BlackElo "1241"]
[PlyCount "58"]
[EventDate "2003.??.??"]
[EventType "tourn (corr)"]
[EventRounds "4"]
[SourceTitle "Corr 2008"]
[Source "ChessBase"]
[SourceDate "2008.06.24"]
[SourceVersion "1"]
[SourceVersionDate "2008.06.24"]
[SourceQuality "1"]

1. d4 Nf6 2. d5 c6 3. c4 cxd5 4. cxd5 Qa5+ 5. Nc3 b5 6. Bd2 Bb7 7. e4 b4 8. Na4 Nxe4 9. f3 Nxd2 10. Kxd2 Qxd5+ 11. Bd3 Qg5+ 12. Kc2 Qxg2+ 13. Ne2 Bxf3 14. Qf1 Qxh1 15. Qxh1 Bxh1 16. Rxh1 e6 17. Nd4 Nc6 18. Nb5 0-0-0 19. Be4 d5 20. Bd3 a6 21. Na3 bxa3 22. bxa3 Bxa3 23. Bxa6+ Kc7 24. Rb1 Nb4+ 25. Kb3 Nxa6 26. Kxa3 Rb8 27. Rc1+ Kd6 28. Rf1 Nb4 29. Rxf7 Nc2# 0-1